| 000 | 00463nam a2200157Ia 4500 | ||
|---|---|---|---|
| 999 |
_c34799 _d34799 |
||
| 003 | OSt | ||
| 005 | 20200608112740.0 | ||
| 008 | 190216s9999||||xx |||||||||||||| ||und|| | ||
| 040 | _coclc | ||
| 082 |
_a342.42 _bBAG/B |
||
| 100 |
_aBagehot, Walter _92616 |
||
| 245 | 0 |
_aBritish Bharanaghatana / _cWalter Bagehot |
|
| 260 |
_bKerala Bhasha Institute, _c1974. _aTrivandrum: |
||
| 300 | _a243p | ||
| 942 |
_cBK _2ddc _h342.42 _iBAG/B _k342.42 _mBAG/B |
||